Cyclisme : Top 20 des coureurs les plus victorieux en 2025 - Statistiques

Statistiques générales
  • Ce quiz a été pris 190 fois
  • Le résultat moyen est 13 sur 23
Statistiques - réponses
Rang Nombre de Victoire Equipe Réponse % Correct
1er 20 UAE Team Emirates Tadej Pogacar
99%
16eme 6 Visma Lease a Bike Jonas Vingegaard
91%
3eme 18 UAE Team Emirates Isaac Del Toro
87%
16eme 6 Alpecin Deceuninck Mathieu Van Der Poel
85%
2eme 19 Soudal Quick Step Paul Magnier
83%
5eme 14 Lidl-Trek Mads Pedersen
81%
11eme 8 Soudal Quick Step Remco Evenepoel
78%
4eme 16 Soudal Quick Step Tim Merlier
77%
14eme 7 Alpecin Deceuninck Jasper Philipsen
72%
8eme 10 UAE Team Emirates Joao Almeida
70%
9eme 9 Lidl Trek Jonathan Milan
66%
14eme 7 Lotto Arnaud De Lie
63%
11eme 8 UAE Team Emirates Juan Ayuso
56%
7eme 11 Visma Lease a Bike Olav Kooij
50%
16eme 6 Groupama FDJ Romain Gregoire
46%
6eme 12 Visma Lease a Bike Matthew Brennan
45%
16eme 6 UAE Team Emirates Brandon McNulty
32%
16eme 6 Decathlon AG2R La Mondiale Nicolas Prodhomme
28%
16eme 6 Decathlon AG2R La Mondiale Dorian Godon
25%
16eme 6 Uno-X Mobility Soren Waerenskjold
19%
9eme 9 Li Ning Star Alexander Salby
9%
11eme 8 XDS Astana Matteo Malucelli
7%
16eme 6 Israel Premier Tech Brady Gilmore
1%
Aucun quiz correspondant
Distribution des résultats
% des personnes avec chaque résultat
Percentile par nombre de réponses
Votre historique - résultats
Vous n’avez pas pris ce quiz